000 01222nam a22002777a 4500
999 _c114320
_d114320
003 0
005 20190226125154.0
008 0
010 _aA-989018
020 _c100.00
035 _aA-989018,A-989019, A-989022
037 _bCen Lib/Ret
040 _aDPL
_bHN
_c0
082 _a
_bचन्दर
100 _aचन्दर, कृष्ण
_956347
245 _aदूसरा पुरुष दूसरी नारी :
_cकृष्ण चन्दर
_bउपन्यास /
246 _aDusra purush dusri nari : upanyas /
_bby Krishn Chandar
260 _a दिल्ली
_bनवदीप प्रकाशन
_c1999
270 _a8, विजय मार्किट नज़दीक भाग्य लक्ष्मी अपार्टमेंट्स राजा पुर, सेक्टर-9, रोहिणी
_b दिल्ली
_e110085
300 _a96पृ.
_c19सेमी(सजिल्द )
650 _aहिंदी साहित्य
_x
_z
_956348
650 _aहिंदी उपन्यास
_956349
650 _ahindi literature
_v
_956350
650 _aHindi fiction
_927248
942 _2ddc
_cHN
_h
_mचन्दर